MARC

LEADER 00000nam0a2200000 4500
001 292823
005 20231102000532.0
020 |a RU  |b 83-65166 
035 |a (RuTPU)RU\TPU\book\317475 
090 |a 292823 
100 |a 20150425d1983 k y0rusy5003 ca 
101 0 |a rus 
102 |a RU 
105 |a a z 001zy 
200 1 |a Процессы и оборудование абразивно-алмазной обработки  |e межвузовский сборник научных трудов  |f Всесоюзный заочный машиностроительный институт (ВЗМИ) ; под ред. Б. И. Горбунова 
210 |a Москва  |c Изд-во ВЗМИ  |d 1983 
215 |a 122 с.  |c ил. 
320 |a Библиогр. в конце ст. 
606 1 |a Абразивно-алмазная обработка  |2 stltpush  |3 (RuTPU)RU\TPU\subj\15  |9 29074 
610 1 |a абразивная обработка 
610 1 |a алмазная обработка 
610 1 |a оборудование 
610 1 |a приборы 
610 1 |a инструменты 
610 1 |a доводка 
610 1 |a поверхности 
610 1 |a шероховатости 
610 1 |a шлифование 
610 1 |a лезвийный инструмент 
675 |a 621.922.02:621.921.34  |z rus  |v 3 
702 1 |a Горбунов  |b Б. И.  |g Борис Иванович  |4 340 
712 0 2 |a Всесоюзный заочный машиностроительный институт (ВЗМИ)  |c (1950-1988)  |2 stltpush  |3 (RuTPU)RU\TPU\col\2141 
801 0 |a RU  |b RuMRKP  |c 19950704  |g psbo 
801 1 |a RU  |b 63413507  |c 20150425 
801 2 |a RU  |b 63413507  |c 20190116  |g RCR 
942 |c BK